Score 0/14 Timer 05:00
0 Plays Today
% Correct
Halloween
100%
St Patrick's day
81.5%
Valentine's day
81.5%
Pi day
79.6%
Christmas
77.8%
Father's day
75.9%
Mother's day
74.1%
% Correct
Independence day
72.2%
remembrance day
72.2%
Thanksgiving
72.2%
Bastille day
70.4%
Easter
64.8%
Mardi Gras
63%
Hanukkah
57.4%
Come Together.
Have Fun.
All Virtual.
We all need to come together. Play Sporcle's virtual live trivia to have fun, connect with people, and get your trivia on. Join a live hosted trivia game for your favorite pub trivia experience done virtually. If a virtual private party is more your thing, go here for details.

You're not logged in!

Compare scores with friends on all Sporcle quizzes.
OR
Log In

Sporcle TV

Today on Sporcle TV


Watch our educational content, quiz creation guides, and fun videos on Sporcle TV.

Show Comments

Extras

Top Quizzes Today


Score Distribution

Paid Content

Your Account Isn't Verified!

In order to create a playlist on Sporcle, you need to verify the email address you used during registration. Go to your Sporcle Settings to finish the process.

Report this User

Report this user for behavior that violates our Community Guidelines.

Details: